000 00679nam a2200205Ia 4500
001 19047
003 GE_BSU
008 181216s||||||||xx |||||||||||||| ||und||
040 _cGE_BSU
245 _aСоциальная педагогика. №1-2. 2016
245 _cГл.ред.Олиференко Л.
260 _aМосква
260 _bнародное образовабие
260 _c2016
300 _a136 стр,28см
653 _aпрактический журнал для социальных работников и педагогов
653 _aСоциальная педагогика
653 _aპერიოდიკა
942 _cCR
999 _c52043
_d52043